| 000 | 00430nam a2200181Ia 4500 | ||
|---|---|---|---|
| 001 | 19699 | ||
| 005 | 20260306172712.0 | ||
| 008 | 260306t2018||||xx |||||||||||||| ||spa|| | ||
| 041 | _aESP | ||
| 082 |
_a341 _bG23 |
||
| 100 |
_aGarcía Amado, Juan A. _eAUT |
||
| 245 | 0 | _aTeorías de la tópica jurídica | |
| 260 | _c2018 | ||
| 300 |
_a404 páginas : _c21 cm. |
||
| 650 | _aGEN | ||
| 654 | _aCDE | ||
| 942 |
_cLIB _dJUS _fJUS _2ddc _n |
||
| 999 |
_c19699 _d19699 |
||